| 000 -ლიდერი |
| ფიქსირებული სიგრძის საკონტროლო ველი |
01578nam a22002417a 4500 |
| 003 - საკონტროლო ნომრის იდენტიფიკატორი |
| საკონტროლო ველი |
Ge_BSU |
| 005 - ბოლო ოპერაციის თარიღი და დრო |
| საკონტროლო ველი |
20240708123010.0 |
| 008 - ფიქსირებული სიგრძის მონაცემთა ელემენტები - ზოგადი ინფორმაცია |
| ფიქსირებული სიგრძის საკონტროლო ველი |
240708s2022 ge ||||| |||| 00| 0 geo d |
| 020 ## - წიგნის საერთაშორისო სტანდარტული ნომერი |
| International Standard Book Number |
9789941354939 |
| 041 ## - ენის კოდი |
| Language code of text/sound track or separate title |
geo |
| 080 ## - უნივერსალური ათობითი კლასიფიკაციის ინდექსი |
| Universal Decimal Classification number |
005.53 შ-81 |
| 100 ## - მთავარი ჩანაწერი - პიროვნების სახელი |
| Personal name |
შოლი, ჯონ, |
| Relator term |
ავტორი. |
| 9 (RLIN) |
22749 |
| 245 ## - ცნობა სათაურის შესახებ |
| Title |
გადაწყვეტილების მიღების უფლება: |
| Remainder of title |
ცხოვრების წესი / |
| Statement of responsibility, etc |
ჯონ შოლი ; ინგლი. თარგმნა ხათუნა ბასილაშვილმა ; სარედაქციო ჯგუფი: ნინო სურამელაშვილი, სალომე საბანაძე, რუსუდან გელაშვილი [და სხვა] ; წინათქმა მედეა ჯანიაშვილი. |
| 264 ## - წარმოების, გამოცემის, დისტრიბუციის და სხვა ცნობები |
| გამოცემის, წარმოების, დისტრიბუციის... ადგილი |
თბილისი : |
| გამოცემის, წარმოების, დისტრიბუციის... სახელწოდება |
პალიტრა L, |
| გამოცემის, წარმოების, დისტრიბუციის... თარიღი |
2022. |
| 300 ## - ფიზიკური აღწერა |
| Extent |
184 გვ. ; |
| Other physical details |
21 სმ. |
| 440 ## - სერიის ცნობა / დამატებულია ჩანაწერი - სათაური |
| Title |
ლურჯი ოკეანე |
| 9 (RLIN) |
22750 |
| 500 ## - ზოგადი შენიშვნა |
| General note |
გარეკანი ქართულ და ინგლისურ ენებზე. |
| 653 ## - INDEX TERM--UNCONTROLLED |
| Uncontrolled term |
გადაწყვეტილების მიღება. |
| 653 ## - INDEX TERM--UNCONTROLLED |
| Uncontrolled term |
მენეჯმენტი |
| 700 ## - ADDED ENTRY--PERSONAL NAME |
| Personal name |
ბასილაშვილი, ხათუნა |
| Relator term |
მთარგმნელი |
| 9 (RLIN) |
7737 |
| 700 ## - ADDED ENTRY--PERSONAL NAME |
| Personal name |
სურამელაშვილი, ნინო |
| Relator term |
სარედაქციო ჯგუფი და სხვ. |
| 9 (RLIN) |
22752 |
| 942 ## - ADDED ENTRY ELEMENTS (KOHA) |
| Source of classification or shelving scheme |
|
| Koha item type |
წიგნი |